000 01493nam0a22003131 4500
001 rc\4266731
005 20250612033527.0
021 _aRU
_b[58-48425]
035 _a(NLR Aleph) 008485941
090 _a8019682
_c8019682
100 _a20130416d1958 |||y0rusy50 ca
101 1 _arus
_ccze
102 _aRU
105 _ay z |||||
200 1 _aСоциалистическое право и законность в народно-демократической Чехословакии
_fПер. с чеш. и вступ. статья канд. юрид. наук В.М. Лесного
210 _aМосква
_cГосюриздат
_d1958
215 _a172 с.
_d20
300 _aДоп. тит. л.: Iiří Boguszak, Zdeněk Iičínskÿ. Socialistické právo a zákonnost v lidově demokratickém Československu. Praha, "Rudé právo", 1956. (Vysokà stranická škola při UV KSČ. Katedra státu a práva)
513 0 _aSocialistické právo a zákonnost v lidově demokratickém Československu
606 _aЧехословацкое социалистическое право
_2psbo
606 _aСоциалистическая законность
_yЧехословацкая Республика
_2psbo
700 1 _aБогушак
_bЙ.
_gЙиржи
701 1 _aЙичинский
_bЗ.
_gЗденек
702 1 _aЛесной
_bВ.М.
_4730
_4080
801 0 _aRU
_bNLR
_gpsbo
801 1 _aRU
_bELAR
_2rusmarc
852 _aNLR
_j58-3/4064
942 _cBOOK
980 _aNB